000 01466nam a22003017a 4500
001 6466
003 FISKH
005 20250506094833.0
008 250506b cb ||||| |||| 00| 0 eng d
020 _a9781444016062
040 _aFISKH
_beng
_cFISKH
_dFISKH
050 _a823.914
082 _aPZ7.
100 _aSimon, Francesca
_d(1955-)
245 _aHorrid Henry and the fangmangler /
_cFrancesca Simon ; Illustrated by Tony Ross
250 _aThis edition first published in 1997
260 _aLondon :
_bOrion,
_c1997
300 _a78 pages :
_bcolor illustrations ;
_c20 cm
505 _aJ
520 _aorrid Henry braves the terrifying Fangmangler in this hilarious story perfect for Early Readers. Early Readers are stepping stones from picture books to reading books. A blue Early Reader is perfect for sharing and reading together. A red Early Reader is the next step on your reading journey. When Henry has no pocket money left to buy a Dungeon Drink kit, he comes up with an ingenious scheme to make some cash and give his friends (and enemies) a scare at the same time. But does the Fangmangler really exist? And if not, which of Henry's evil enemies is out for revenge? A funny, spooky story, perfect for Hallowe'en and all year round.
521 8 _a460
_bLexile
521 8 _aJ
_bRaz-Plus
650 _2Moody
_aSleep
650 _2Money
_aMillions
700 _aRoss, Tony
_dillustrator
942 _2ddc
_cBK
_n0
999 _c6466
_d6466